| 000 | 00857cam a22002653a 4500 | ||
|---|---|---|---|
| 001 | 37324 | ||
| 003 | PGUSA | ||
| 005 | 20140828083822.0 | ||
| 008 | 110906s2011||||xxu|||||s|||||000 1 eng d | ||
| 040 |
_aPGUSA _beng |
||
| 042 | _adc | ||
| 050 | 4 | _aPR | |
| 100 | 1 |
_aJenkins, Herbert George, _d1876-1923 |
|
| 245 | 1 | 0 |
_aMrs. Bindle : _bSome Incidents from the Domestic Life of the Bindles _h[electronic resource] / _cHerbert George Jenkins |
| 260 |
_bProject Gutenberg, _c2011 |
||
| 506 | _aPublic domain in the USA. | ||
| 516 | _aElectronic text | ||
| 653 | _aWorking class -- England -- Fiction | ||
| 653 | _aMarried people -- England -- Fiction | ||
| 653 | _aHumorous stories | ||
| 653 | _aBindle, Joseph (Fictitious character) -- Fiction | ||
| 830 | 0 |
_aProject Gutenberg _v37324 |
|
| 856 | 4 | 0 | _uhttp://www.gutenberg.org/ebooks/37324 |
| 942 | _cEB | ||
| 999 |
_c266578 _d266578 |
||